00593nam a2200193Ia 4500008004100000020000700041082001400048100002700062245003000089250000700119260004100126300002900167500000700196600003300203650001300236942000700249952012600256999001700382240925s9999 xx 000 0 und d aNA a297.2 ELL aEllahi ,Muhammad Ashiq 0aFazaele Tobba O Istaghfar aNA aLahore:bEdarah -e- Islamiatc,1988. axxi,682p.bN.AfOriginal aNA aHumanities & Natural Science aReligion cBK 001040708HUMaUITUbUITUd2010-09-28eS SBook Agencyg320.00l0o297.2 ELLpQ8423r2024-09-25 07:14:57w2024-09-25yBK c10922d10922